Textbook of Behavioral Sciences (Psychology and Sociology) for GNM students (Record no. 369270)

MARC details
000 -LEADER
fixed length control field 00621nam a2200193 4500
005 - DATE AND TIME OF LATEST TRANSACTION
control field 20251204141124.0
008 - FIXED-LENGTH DATA ELEMENTS--GENERAL INFORMATION
fixed length control field 251204b |||||||| |||| 00| 0 eng d
020 ## - INTERNATIONAL STANDARD BOOK NUMBER
International Standard Book Number 978-93-5696-511-9
041 ## - LANGUAGE CODE
Language code of text/sound track or separate title Eng
082 ## - DEWEY DECIMAL CLASSIFICATION NUMBER
Edition number 1st ed.
Classification number SO 301 SRE B11942
100 ## - MAIN ENTRY--PERSONAL NAME
Author Sreevani R.
245 ## - TITLE STATEMENT
Title Textbook of Behavioral Sciences (Psychology and Sociology) for GNM students
250 ## - EDITION STATEMENT
Edition statement 1st ed.
260 ## - PUBLICATION, DISTRIBUTION, ETC.
Place of publication, distribution, etc. New Delhi
Name of publisher, distributor, etc. Jaypee Brothers
Date of publication, distribution, etc. 2025
300 ## - PHYSICAL DESCRIPTION
Extent xviii,246p
Other physical details pb
Dimensions 24x17cm
365 ## - TRADE PRICE
Price type code Rupaye
Price amount 625
Currency code INR
521 ## - TARGET AUDIENCE NOTE
Target audience note Textbook of Behavioral Sciences (Psychology and Sociology) for GNM students
942 ## - ADDED ENTRY ELEMENTS (KOHA)
Koha item type Books
Holdings
Withdrawn status Lost status Source of classification or shelving scheme Damaged status Not for loan Collection code Home library Current library Date acquired Vendor Net Price Bill number Total Checkouts Full call number Barcode Date last seen Discount Actual Price Bill Date Koha item type Original Barcode Date last checked out
    Dewey Decimal Classification     Non-fiction Smt. Bakul Tambat Institute of Nursing Education Smt. Bakul Tambat Institute of Nursing Education 18/11/2025 Patil Medical Book 387.50 2026   SO 301 SRE B11942 BTIN-BK-11942 04/12/2025 38% 625.00 29/10/2025 Books BTIN-BK-11942  
    Dewey Decimal Classification     Non-fiction Smt. Bakul Tambat Institute of Nursing Education Smt. Bakul Tambat Institute of Nursing Education 18/11/2025 Patil Medical Book 387.50 2026 1 SO 301 SRE B11943 BTIN-BK-11943 09/02/2026 38% 625.00 29/10/2025 Books BTIN-BK-11943 05/02/2026
    Dewey Decimal Classification     Non-fiction Smt. Bakul Tambat Institute of Nursing Education Smt. Bakul Tambat Institute of Nursing Education 18/11/2025 Patil Medical Book 387.50 2026   SO 301 SRE B11944 BTIN-BK-11944 04/12/2025 38% 625.00 29/10/2025 Books BTIN-BK-11944  
    Dewey Decimal Classification     Non-fiction Smt. Bakul Tambat Institute of Nursing Education Smt. Bakul Tambat Institute of Nursing Education 18/11/2025 Patil Medical Book 387.50 2026   SO 301 SRE B11945 BTIN-BK-11945 04/12/2025 38% 625.00 29/10/2025 Books BTIN-BK-11945  
    Dewey Decimal Classification     Non-fiction Smt. Bakul Tambat Institute of Nursing Education Smt. Bakul Tambat Institute of Nursing Education 18/11/2025 Patil Medical Book 387.50 2026 1 SO 301 SRE B11946 BTIN-BK-11946 16/02/2026 38% 625.00 29/10/2025 Books BTIN-BK-11946 11/02/2026